Responses for Show #7845 - Friday, October 19, 2018

Alan Dunn game 6.

Contestants

[<< previous game]

Herschel Purvis, a laboratory technician from Los Angeles, California

Erik Agard, a puzzlemaker from Gaithersburg, Maryland

Alan Dunn, a software development manager from Johns Creek, Georgia (whose 5-day cash winnings total $120,802)

[next game >>]

Jeopardy! Round responses

HANGING WITH FAMOUS PEOPLE
TIMELY PHRASES
WHERE THERE'S SMOKE
THE 1980s
STATE LINES
C'EST LA TV
    $200 16
Ernest Hemingway

Herschel
    $200 1
24/7

Alan
    $200 14
firefighters

Erik
    $200 8
a Game Boy

Erik
    $200 6
Gordon Ramsay

Erik
    $400 17
the Dalai Lama and Mr. Rogers

Alan
    $400 2
a morning person

Erik
    $400 22
peat

Alan
    $400 9
shoulder pads

Triple Stumper
    $400 29
[The end-of-round signal sounds.]

California

Alan
    $400 7
Star Trek: Next Generation

Alan
    $600 23
Neruda

Erik
    $600 3
Sundays

Alan
    $600 15
Cheech and Chong

Herschel
    $600 13
"Where's the Beef?"

Erik
    $600 26
Alaska

Erik
    $600 10
The Good Place

Erik
    $800 24
(Alan: Who is Taft?)

Harding

AlanHerschel
    $800 4
burning the midnight oil

Erik
    $800 18
mirrors

Erik
    $800 20
Ed Koch

Erik
    $2,000 27
(Erik: What is Oklahoma?)

Pennsylvania

Erik
    $800 11
Judge Judy

Erik
    $1000 25
(Herschel: Who are Orson Welles and--oh.)
...
(Alex: Less than a minute now.)

Orson Welles and H.G. Wells

AlanHerschel
    $1000 5
brief shining moment

Triple Stumper
    $1000 19
bees

Alan
    $1000 21
the INF Treaty

Triple Stumper
    $1000 28
Wisconsin

Alan
    $1000 12
Angie Tribeca

Herschel

Scores at the first commercial break (after clue 15):

Alan Erik Herschel
$1,200 $3,800 $1,600

Scores at the end of the Jeopardy! Round:

Alan Erik Herschel
$4,600 $4,600 $1,600

Double Jeopardy! Round responses

AFRICAN-AMERICAN HISTORY
WHOSE MEGA-ALBUM?
PAYING THE PIPER
ENDS IN "U"
A SERIOUS INJURY
(Alex: Which part of the body has been affected by the listed injury we will give you?)
LET'S GET TO URCHIN CARE
    $400 7
equal

Herschel
    $400 14
Adele

Alan
    $400 20
(Erik: What is a loon? ...What is [*]?)

a loony

Erik
    $400 1
Vishnu

Alan
    $400 15
a cut to the liver

Alan
    $400 8
Oliver (Twist)

Erik
    $800 5
(Herschel: What is the Secretary of Commerce?)
(Erik: What is chairman?)
(Alex: Be more--)
(Erik: [*].)

chairman of the party

ErikHerschel
    $800 30
(Erik: Who is AC/DC?)

Guns N' Roses

Erik
Triple Stumper
    $800 23
dinar

Erik
    $800 2
fugu

Erik
    $800 16
a heart attack

Herschel
    $800 12
Arya

Erik
    $2,000 4
Harriet Tubman

Herschel
    $1200 29
Boston

Erik
    $1200 24
the shekel

Alan
    $1200 10
a trousseau

Alan
    $1200 17
the eye

Alan
    $6,000 13
The Prince and the Pauper

Erik
    $1600 3
San Francisco State University

Herschel
    $1600 28
Carlos Santana

Herschel
    $1600 25
(Herschel: What is a dollar?)
...
(Alex: Less than a minute now.)

pesos

Herschel
Triple Stumper
    $1600 9
Mogadishu

Erik
    $1600 18
the brain

Alan
    $1600 21
Kim

Alan
    $2000 6
the Great Migration

Herschel
    $2000 27
Jewel

Triple Stumper
    $2000 26
(Erik: What are sen?)

a won

Erik
Triple Stumper
    $2000 11
Nosferatu

Erik
    $2000 19
(Erik: What is the arm?)

the foot

Erik
Triple Stumper
    $2000 22
the Baker Street Irregulars

Herschel

Scores at the end of the Double Jeopardy! Round:

Alan Erik Herschel
$12,600 $14,600 $9,600

[wagering suggestions for these scores]

Final Jeopardy! Round responses

SPORTS
HerschelWhat Sumo Wrestling?!
$350
AlanWhat is sumo?
$12,600
ErikWhat is sumo?
$10,601
sumo wrestling

Final scores:

Alan Erik Herschel
$25,200 $25,201 $9,950
2nd place: $2,000 New champion: $25,201 3rd place: $1,000

Game dynamics:

Coryat scores:

Alan Erik Herschel
$12,600 $11,800 $8,800
17 R,
1 W
22 R
(including 1 DD),
4 W
(including 1 DD)
11 R
(including 1 DD),
3 W

Combined Coryat: $33,200

[game clues] [game scores] [suggest correction]

Game tape date: 2018-08-15
The J! Archive is created by fans, for fans. Scraping, republication, monetization, and malicious use prohibited; this site may use cookies and collect identifying information. See terms. The Jeopardy! game show and all elements thereof, including but not limited to copyright and trademark thereto, are the property of Jeopardy Productions, Inc. and are protected under law. This website is not affiliated with, sponsored by, or operated by Jeopardy Productions, Inc. Join the discussion at JBoard.tv.